| 000 | 00745nam a22002177a 4500 | ||
|---|---|---|---|
| 999 |
_c63949 _d63949 |
||
| 005 | 20240530110707.0 | ||
| 008 | 180121s2015 ua g 000 fdara d | ||
| 017 |
_a2014/21131 _bمصر. دار الكتب |
||
| 020 | _a9789773192167 | ||
| 040 |
_aEG-CaGPL _cEG-CaGPL |
||
| 082 | 0 | 4 |
_221 _a89435\ _bر ن |
| 245 | 0 | 0 |
_aنساء اسطنبول : _bقصص قصيرة من اسطنبول / _cترجمة ريهام طه . |
| 250 | _aط.1 | ||
| 260 |
_aالقاهرة : _bالعربى للنشر و التوزيع ، _c2015 . |
||
| 300 |
_a231 ص. ؛ _c20 سم. |
||
| 650 | 0 | 7 |
_2qrmak _aالقصص التركية |
| 651 | _2qrmak | ||
| 700 | 0 |
_aريهام طه _eمترجم |
|
| 942 |
_2ddc _cBK |
||